000 00465cam a2200145 4500500
005 20251012012515.0
041 _afre
042 _adc
100 1 0 _aNordmann, Lia
_eauthor
245 0 0 _aPenser comme un poisson dans l’eau
260 _c2023.
500 _a34
786 0 _nPhilosophie magazine | 173 | 10 | 2023-10-01 | p. 18-20 | 1951-1787
856 4 1 _uhttps://shs.cairn.info/magazine-philosophie-magazine-2023-10-page-18?lang=fr&redirect-ssocas=7080
999 _c1526970
_d1526970